[Event "EYCC Open U14 2021"]
[Site "Tornelo"]
[Date "2021.10.15"]
[Round "8.4"]
[White "Macias Pino, Diego"]
[Black "Lavrencic, Matic"]
[Result "1/2-1/2"]
[WhiteElo "2365"]
[BlackElo "2149"]
[Annotator "TA"]
[PlyCount "80"]
[EventDate "2021.10.15"]
[EventType "swiss"]
[EventCountry "NET"]
[SourceTitle "playchess.com"]
[Source "ChessBase"]
[SourceQuality "1"]

{[%evp 11,80,16,22,11,26,0,0,-18,8,0,-2,-8,0,0,12,-12,0,0,7,0,0,0,0,0,17,0,0,-74,-74,-74,0,0,0,0,0,-59,-59,-59,-59,-94,-59,-104,-59,-95,-59,-94,-59,-108,-59,-108,-59,-103,-93,-109,-59,-59,-59,-59,-59,-59,-59,-59,-59,-59,-59,-59,-59,-59,-59,-59,-59]} 1. e4 c5 2. Nf3 d6 3. d4 cxd4 4. Nxd4 Nf6 5. Nc3 a6 6. g3 e5 7. Nb3 {B91: Sicilian Najdorf: 6 g3.} Be7 8. a4 Nc6 9. Bg2 {The position is equal.} O-O 10. Nd5 Nxd5 11. exd5 {[#]} Nb8 $146 ({Predecessor:} 11... Na5 12. Nd2 Qc7 13. O-O Bf5 14. Ne4 Rac8 15. Bd2 Bg6 16. b3 f5 17. Nc3 Bf6 {0-1 (36) Sprenger,J (2498)-Matlakov,M (2700) Caleta 2019}) 12. a5 Bf5 13. Nd2 Nd7 14. Nc4 Bg6 15. O-O f5 16. f4 Qc7 17. b3 e4 18. Be3 Bf6 $36 {[%mdl 2048] Black has good play.} 19. Bd4 {[#]} (19. Ra2 $11) 19... Bh5 $1 $17 {[%cal Rh5d1]} 20. Qd2 {[#]} Bxd4+ (20... Be2 $1 $17 21. Bxf6 Bxc4 22. bxc4 Rxf6) 21. Qxd4 $11 Be2 22. Rfb1 Bxc4 23. bxc4 (23. Qxc4 $11 Qc8 24. Qxc8 Raxc8 25. c4) 23... Nc5 $15 24. Bf1 Qe7 25. Re1 Rae8 26. Bg2 h6 27. Ra3 Qd8 28. Kh1 Rf6 29. Rf1 Ref8 30. Qe3 Kh8 31. Raa1 h5 32. h4 g6 33. Rfb1 {Black is slightly better.} R6f7 34. Bf1 Kg8 35. Be2 Qf6 36. Kg2 Rb8 37. Ra2 Rc7 38. Rb6 Kf7 39. Rb4 Ke7 40. Rb1 Kd7 {Weighted Error Value: White=0.19/Black=0.13} 1/2-1/2

[Event "EYCC Open U14 2021"]
[Site "Tornelo"]
[Date "2021.10.15"]
[Round "8.5"]
[White "Veselov, Yaroslav"]
[Black "Habans Aguerrea, Javier"]
[Result "0-1"]
[WhiteElo "1922"]
[BlackElo "2308"]
[Annotator "TA"]
[PlyCount "78"]
[EventDate "2021.10.15"]
[EventType "swiss"]
[EventCountry "NET"]
[SourceTitle "playchess.com"]
[Source "ChessBase"]
[SourceQuality "1"]

{[%evp 22,78,92,86,95,92,87,83,81,30,29,4,0,6,32,23,25,-17,1,-87,-87,-87,-75,-85,-85,-93,-94,-106,-98,-114,-74,-122,-35,-128,-118,-147,-111,-161,-155,-213,-176,-229,-173,-177,-191,-258,-227,-275,-274,-404,-394,-543,-544,-2493,-2623,-2053,-1689,-3294,-2788]} 1. d4 Nf6 2. c4 e6 3. Nf3 d5 4. e3 c6 5. Nbd2 Nbd7 6. Bd3 Bd6 7. e4 dxe4 8. Nxe4 Nxe4 9. Bxe4 O-O 10. O-O Nf6 11. Bc2 b6 12. Bg5 Bb7 {D46: Semi-Slav: 5 e3 Nbd7 6 Bd3, Black avoids the Meran.} 13. Qd3 {[#] Black must now prevent Bxf6.} g6 14. Rfe1 Be7 {White is better.} 15. Ne5 ({White should play} 15. Rad1 $16) 15... Nd7 {[#]} 16. Bf4 $146 ({Predecessor:} 16. Bxe7 Nxe5 17. Rxe5 Qxe7 18. Qg3 Rad8 19. Rd1 Rd7 20. h4 Rfd8 21. Qg4 c5 22. d5 {1-0 (57) Ivana Maria,F (2065)-Krapivin,A (2445) Moscow 2012}) 16... Nxe5 17. Bxe5 Bf6 18. Qe3 Qe7 19. c5 {Black should prevent Bd6.} Rad8 20. Bd6 (20. Qc3 $11 {remains equal.}) 20... Rxd6 $17 21. cxd6 Qxd6 22. Rad1 Rd8 23. Qf3 Bxd4 24. Be4 f5 25. Bc2 e5 26. h4 Rd7 (26... Kg7 $17 27. Qg3 Qf6) 27. h5 (27. Qg3 $15) 27... c5 $36 {[%mdl 2048] Black is in control.} 28. Qg3 e4 {[#] ...Qxg3 is the strong threat.} 29. Qxd6 Rxd6 30. Bb3+ (30. hxg6 $17 hxg6 31. a3) 30... Kg7 $19 31. Bc4 (31. hxg6 {is a better defense.} Rxg6 32. Bc4) 31... Kf6 32. hxg6 hxg6 33. g3 (33. a3 {was forced.}) 33... Rd8 34. b3 g5 35. Kf1 (35. Kg2 $142) 35... Rh8 36. Kg2 f4 {Black is clearly winning.} 37. Bf1 e3+ 38. f3 g4 39. Be2 Rg8 {Weighted Error Value: White=0.87/Black=0.15} 0-1

[Event "EYCC Open U14 2021"]
[Site "Tornelo"]
[Date "2021.10.15"]
[Round "8.6"]
[White "Makridis, Dimitrios"]
[Black "Vergara Anton, Diego"]
[Result "1/2-1/2"]
[WhiteElo "2138"]
[BlackElo "2258"]
[Annotator "TA"]
[PlyCount "141"]
[EventDate "2021.10.15"]
[EventType "swiss"]
[EventCountry "NET"]
[SourceTitle "playchess.com"]
[Source "ChessBase"]
[SourceQuality "1"]

{[%evp 9,141,10,13,8,19,9,15,0,8,1,16,-8,-4,-13,0,-40,-30,-36,-34,-68,-78,-71,-80,-50,-64,-64,-66,-75,-71,-90,-88,-133,-133,-132,-111,-91,0,0,0,0,0,0,0,0,18,0,0,0,0,0,0,0,90,90,98,91,108,77,73,70,70,68,82,81,83,56,89,0,70,70,77,26,89,32,55,58,66,55,102,107,97,102,130,112,127,4,52,8,10,0,0,0,0,0,0,0,29,0,39,5,18,0,0,0,6,0,0,0,9,0,0,0,0,0,0,0,0,0,0,0,0,0,0,0,0,0,-28000,-28000,-28000,-28000,-28000,-28000,-28000,-28000]} 1. e4 c6 2. d4 d5 3. e5 Bf5 4. h4 h5 5. Bd3 Bxd3 6. Qxd3 {B12: Caro-Kann: Advance Variation.} Qa5+ 7. Nd2 {Threatening e6!} e6 8. Ngf3 {The position is equal.} Nh6 9. O-O Nf5 10. c4 {10.Nb3 is the hot move.} Be7 11. g3 O-O 12. b3 Rd8 13. Bb2 c5 14. cxd5 Rxd5 15. Nc4 Qa6 16. Qe4 cxd4 17. Nxd4 Nxd4 18. Bxd4 Nc6 19. Bb2 Rad8 20. Qf3 {[#]} Bc5 $146 ({Predecessor:} 20... g6 21. Rfe1 Nb4 22. Nd6 Rf8 23. Re4 Nd3 24. Nc4 Bc5 25. Re2 Rfd8 26. Bc3 b5 {½-½ (35) Kadric,D (2502)-Shimanov,A (2641) Columbus 2017}) 21. Qxh5 b5 $1 {[%cal Rb5c4]} 22. Ne3 Bxe3 (22... Rd2 $17 23. Bc3 Rxa2) 23. fxe3 $11 Qb7 {With the idea ...Rd2.} 24. Rac1 $36 {[%mdl 2048] White is pushing.} R8d7 25. Ba1 Rd2 {Hoping for ...Nd4!} 26. Qf3 $1 R2d5 27. Qf4 a5 28. Bc3 b4 29. Ba1 Rd2 {Strongly threatening ...Nd4!} 30. Qf3 Na7 (30... R7d5 $11 {remains equal.}) 31. Qxb7 $16 Rxb7 {[#]} 32. Rf2 $1 {[%cal Rf2d2]} Rd5 33. Bd4 Nb5 34. Rc4 Rbd7 {[%cal Rb5d4]} 35. Rf4 $1 Na3 36. Rc8+ Rd8 37. Rc7 (37. Rxd8+ {seems wilder.} Rxd8 38. Rf2 Rd5 39. Kg2 Nb5 40. Bb2) 37... R8d7 38. Rc8+ (38. Rxd7 {with more complications.} Rxd7 39. Kg2 Rd5 40. Kf3 Nb1 41. Kg4) 38... Rd8 39. Rxd8+ Rxd8 $14 {[%mdl 4096] Endgame KRB-KRN} 40. h5 ({White should try} 40. Rf2 $16) 40... Nb5 {[#]} (40... Nc2 $11 {keeps the balance.}) 41. Kg2 ({White should play} 41. Bb6 $1 $16 {[%cal Rb6d8]} Rd5 42. Bxa5) 41... Rc8 42. Bb6 Nc3 $1 {Black wants to play ...Nd5.} 43. Bxa5 Nxa2 44. Bxb4 Rb8 45. Be7 Rb7 46. Bd6 Rxb3 47. Rg4 (47. Kf3 $16) 47... Nc3 48. h6 g6 49. e4 Rb2+ 50. Kf3 Rb3 51. Kf2 (51. Rh4 {feels hotter.} Kh7 52. Bf8 Nb1+ 53. Ke2 Rxg3 54. Rf4) 51... Rb7 52. Ke3 Nb5 53. Rh4 {h7+ would kill now.} Kh7 54. Rh1 f5 55. exf5 gxf5 56. Kf4 Kg6 57. g4 fxg4 58. Kxg4 Kh7 59. Bf8 {And now Rf1 would win.} Rf7 60. Bg7 (60. Bb4 {looks sharper.} Rf5 61. Bd2 Rxe5 62. Rc1 Re2 63. Bg5) 60... Nd4 61. Bf6 Kg6 62. Bg7 {Threatens to win with h7.} Kh7 63. Rb1 Nf5 64. Bf6 Kxh6 65. Rb6 $2 {[%mdl 8192]} (65. Kf3 $11) 65... Ne3+ 66. Kf3 Nd5 67. Rxe6 {Black must now prevent Ke4.} Nxf6 68. Rxf6+ {Mate.} Rxf6+ 69. exf6 Kg6 70. f7 Kg7 71. f8=N {[%mdl 32768] Weighted Error Value: White=0.15/Black=0.11. An unexpected result.} 1/2-1/2

[Event "EYCC Open U14 2021"]
[Site "Tornelo"]
[Date "2021.10.15"]
[Round "8.7"]
[White "Palczert, Matyas"]
[Black "Andreev, Konstantin"]
[Result "1-0"]
[WhiteElo "2204"]
[BlackElo "2238"]
[Annotator "TA"]
[PlyCount "77"]
[EventDate "2021.10.15"]
[EventType "swiss"]
[EventCountry "NET"]
[SourceTitle "playchess.com"]
[Source "ChessBase"]
[SourceQuality "1"]

{[%evp 12,77,31,16,21,12,16,0,0,0,0,-8,3,0,-2,-22,0,-29,39,-29,-24,-11,-20,-114,245,186,198,186,430,429,439,432,434,430,622,558,491,315,301,298,535,502,502,495,648,634,602,404,615,440,572,522,1071,391,383,389,386,364,645,609,681,652,645,638,602,619,6605,6187]} 1. e4 c5 2. Nf3 d6 3. d4 cxd4 4. Nxd4 Nf6 5. Nc3 a6 6. Bg5 Nbd7 7. Bc4 Qb6 {B94: Sicilian Najdorf: 6 Bg5 Nbd7.} 8. Bb3 e6 9. Qd2 Be7 {The position is equal.} 10. O-O-O Nc5 11. f3 {11.Rhe1 is the modern continuation.} Qc7 12. Kb1 b5 13. g4 Rb8 14. h4 {[#]} b4 $146 (14... Bd7 $11) ({Predecessor:} 14... Bd7 15. Nf5 exf5 16. Bxf6 Nxb3 17. axb3 Bxf6 18. Nd5 Qc5 19. b4 {½-½ (19) Bormida,A (2232)-Krause,P (2308) LSS email 2013}) 15. Nce2 (15. Na4 $1 $14) 15... a5 $11 16. Ng3 Ba6 17. Ngf5 Rg8 $2 {[%mdl 8192] [#] A mistake that costs the game.} (17... exf5 $17 {stays on course.} 18. Nxf5 O-O) 18. Nxe7 $18 Kxe7 19. Bf4 $36 {[%mdl 2048] Black is under strong pressure.} Rgd8 (19... Rb6) 20. e5 Ne8 21. exd6+ Nxd6 22. Rhe1 g6 (22... Kf8 $142 23. Nxe6+ Nxe6) 23. Bg5+ Kd7 24. Bxd8 Rxd8 25. c3 a4 $2 {[#]} (25... Nxb3 {was worth a try.} 26. axb3 (26. Nxb3 a4 $16) 26... bxc3 27. Qxc3 (27. bxc3 Rb8 $18) 27... Bb7) 26. cxb4 axb3 27. bxc5 bxa2+ 28. Ka1 Qxc5 29. Rc1 Qd5 (29... Bc4 $142 30. b3 e5) 30. Qb4 Bc4 31. Qa4+ Kc8 32. Qc6+ $2 (32. Nc6) 32... Qxc6 33. Nxc6 Rd7 34. Red1 Bd5 $2 (34... Bb5 35. Na7+ {[%mdl 64] Discovered Attack (Double check)} Kd8 36. Rxd6 Rxd6) 35. Nb4+ {White is clearly winning.} Rc7 36. Rxc7+ Kxc7 37. Nxd5+ exd5 38. Rxd5 Nc4 39. Rc5+ {[%mdl 64] Double Attack.  Weighted Error Value: White=0.43/Black=0.82} 1-0

[Event "EYCC Open U14 2021"]
[Site "Tornelo"]
[Date "2021.10.15"]
[Round "8.8"]
[White "Kanov, Nikola"]
[Black "Krawczyk, Flawian"]
[Result "1/2-1/2"]
[WhiteElo "2150"]
[BlackElo "2070"]
[Annotator "ChessBase"]
[PlyCount "74"]
[EventDate "2021.10.15"]
[EventType "swiss"]
[EventCountry "NET"]
[SourceTitle "playchess.com"]
[Source "ChessBase"]
[SourceQuality "1"]
[TimeControl "5400+30"]

1. e4 {[%emt 0:00:30]} c5 {[%emt 0:01:16]} 2. Nf3 {[%emt 0:00:11]} d6 {[%emt 0:01:17]} 3. d4 {[%emt 0:00:05]} cxd4 {[%emt 0:00:05]} 4. Nxd4 {[%emt 0:00:05]} Nf6 {[%emt 0:00:08]} 5. Nc3 {[%emt 0:00:05]} a6 {[%emt 0:00:06]} 6. Be3 {[%emt 0:00:08]} e5 {[%emt 0:00:08]} 7. Nb3 {[%emt 0:00:06]} h5 {[%emt 0:00:05]} 8. f3 {[%emt 0:00:54]} Be6 {[%emt 0:00:33]} 9. Qd2 {[%emt 0:00:11]} Nbd7 {[%emt 0:00:50]} 10. Nd5 {[%emt 0:01:21]} Bxd5 {[%emt 0:00:35]} 11. exd5 {[%emt 0:00:06]} g6 {[%emt 0:00:36]} 12. Be2 {[%emt 0:01:42]} Bg7 {[%emt 0:05:49]} 13. c4 {[%emt 0:02:21]} h4 {[%emt 0:01:21]} 14. Na5 {[%emt 0:02:14]} Qc7 {[%emt 0:00:31]} 15. O-O {[%emt 0:01:06]} Nh5 {[%emt 0:01:08]} 16. Rac1 {[%emt 0:05:35]} f5 {[%emt 0:03:35]} 17. b4 {[%emt 0:00:36]} h3 {[%emt 0:05:12]} 18. Bd3 {[%emt 0:10:13]} hxg2 {[%emt 0:02:23]} 19. Qxg2 {[%emt 0:00:13]} Kf7 {[%emt 0:01:30]} 20. c5 {[%emt 0:04:02]} Nf4 {[%emt 0:07:57]} 21. Bxf4 {[%emt 0:03:31]} exf4 {[%emt 0:00:06]} 22. Kh1 {[%emt 0:00:33]} Ne5 {[%emt 0:18:25]} 23. cxd6 {[%emt 0:03:32]} Qxd6 {[%emt 0:00:15]} 24. Nc4 {[%emt 0:00:25]} Nxc4 {[%emt 0:00:23]} 25. Bxc4 {[%emt 0:00:14]} Bd4 {[%emt 0:01:55]} 26. Rfd1 {[%emt 0:06:29]} Be3 {[%emt 0:08:24]} 27. Rc2 {[%emt 0:00:23]} Rac8 {[%emt 0:01:19]} 28. Bb3 {[%emt 0:01:07]} Kg7 {[%emt 0:04:18]} 29. a3 {[%emt 0:06:02]} Rhe8 {[%emt 0:08:45]} 30. Ba4 {[%emt 0:07:03]} Rxc2 {[%emt 0:07:09]} 31. Qxc2 {[%emt 0:00:26]} Re7 {[%emt 0:00:09]} 32. Bb3 {[%emt 0:11:15]} Rc7 {[%emt 0:00:54]} 33. Qb2+ {[%emt 0:00:20]} Kh7 {[%emt 0:00:40]} 34. Kg2 {[%emt 0:02:50]} b5 {[%emt 0:02:14]} 35. h4 {[%emt 0:11:36]} Rc8 {[%emt 0:01:55]} 36. Rh1 {[%emt 0:05:43]} Qe7 {[%emt 0:02:14]} 37. Rd1 {[%emt 0:03:32]} Qd6 {[%emt 0:00:55]} 1/2-1/2

[Event "EYCC Open U14 2021"]
[Site "Tornelo"]
[Date "2021.10.15"]
[Round "8.9"]
[White "Tarhan, Adar"]
[Black "Magalakis, Stefanos"]
[Result "1-0"]
[WhiteElo "2208"]
[BlackElo "2065"]
[Annotator "TA"]
[PlyCount "77"]
[EventDate "2021.10.15"]
[EventType "swiss"]
[EventCountry "NET"]
[SourceTitle "playchess.com"]
[Source "ChessBase"]
[SourceQuality "1"]

{[%evp 15,77,50,40,39,64,29,63,56,70,69,146,155,176,171,183,181,200,191,198,190,251,242,222,192,251,235,243,220,233,232,203,190,214,212,283,258,379,386,727,695,776,808,791,782,1270,1247,1481,1472,2114,2067,2229,1971,29981,29981,29985,29986,29984,29985,29989,29986,29982,29981,29974,29968]} 1. e4 e5 2. Nf3 Nc6 3. Bc4 Nf6 4. d3 h6 5. O-O d6 6. c3 g6 7. d4 Qe7 8. Re1 Bg7 9. h3 {C55: Two Knights: 4 d3, 4 d4 exd4 5 e5 and Max Lange Attack.} O-O 10. a4 {[%cal Ba2a4,Ba4a5][%mdl 32] [#]} Qd8 $146 ({Predecessor:} 10... Bd7 11. Nbd2 Kh7 12. Qc2 Nh5 13. dxe5 Nxe5 14. Nxe5 dxe5 15. Nf3 Rad8 16. Be3 f5 {0-1 (43) Mocanu,P (1640)-Ojog,F (1719) Kishinev 2019}) 11. a5 {White is slightly better.} exd4 12. cxd4 Nxe4 13. d5 $16 (13. Rxe4 $6 d5 $14) 13... Nxf2 14. Kxf2 Nd4 {With the idea ...Nxf3.} 15. Kf1 (15. Nxd4 $6 Qh4+ 16. Kf1 (16. Kg1 Bxd4+ 17. Be3 Re8 $17) 16... Bxd4 $14) 15... Qf6 16. Qxd4 Qxf3+ 17. Qf2 Qh5 (17... Qxf2+ $142 18. Kxf2 Bd7) 18. Ra3 g5 19. Nc3 Qg6 (19... Bd7 {was necessary.} 20. Rb3 b6) 20. Nb5 $18 Bf5 21. Rf3 Be4 22. Rfe3 ({Don't go for} 22. Nxc7 $2 Rac8 $19) 22... f5 {intending ...a6.} 23. Rb3 ({Worse is} 23. Nxc7 Rac8 $15) 23... Rf7 24. Kg1 Kh8 25. Nxa7 Rg8 (25... f4 $142 26. a6 (26. Rxb7 g4 $18) 26... bxa6) 26. Rxb7 Bf6 $2 (26... g4) 27. Nc6 Kh7 28. a6 g4 29. h4 Qh5 30. g3 Bxh4 31. Qh2 {[%mdl 64] [#] Pin, Zwischenzug} f4 32. Qxh4 Qxh4 33. gxh4 f3 34. Rxe4 {White mates.} g3 35. Re7 Rxe7 36. Nxe7 Rg4 37. Bd3+ Kg7 38. Nf5+ Kf6 {[#]} 39. Nxg3 $1 {White took control after the opening.  Weighted Error Value: White=0.06/Black=0.63} 1-0

[Event "EYCC Open U14 2021"]
[Site "Tornelo"]
[Date "2021.10.15"]
[Round "8.10"]
[White "Prazak, Daniel"]
[Black "Ince, Taylan Ruzgar"]
[Result "1/2-1/2"]
[WhiteElo "1945"]
[BlackElo "2124"]
[Annotator "TA"]
[PlyCount "212"]
[EventDate "2021.10.15"]
[EventType "swiss"]
[EventCountry "NET"]
[SourceTitle "playchess.com"]
[Source "ChessBase"]
[SourceQuality "1"]

{[%evp 21,212,16,32,21,42,31,32,27,37,-9,42,51,28,4,18,10,45,49,34,30,42,33,44,0,4,-31,-32,-238,-229,-229,-226,-233,-224,-206,-143,-353,-347,-312,-270,-270,-270,-559,-504,-528,-510,-444,-94,-143,-142,-188,-186,-185,-185,-187,-186,-183,-183,-183,-181,-182,-187,-241,0,0,0,0,0,-28000,-28000,-28000,-28000,-28000,-28000,-28000,-28000,-28000,-28000,-28000,-28000,-28000,-28000,-28000,-28000,-28000,-28000,-28000,-28000,-28000,-28000,-28000,-28000,-28000,-28000,-28000,-28000,-28000,-28000,-28000,-28000,-28000,-28000,-28000,-28000,-28000,-28000,-28000,-28000,-28000,-28000,-28000,-28000,-28000,-28000,-28000,-28000,-28000,-28000,-28000,-28000,-28000,-28000,-28000,-28000,-28000,-28000,-28000,-28000,-28000,-28000,-28000,-28000,-28000,-28000,-28000,-28000,-28000,-28000,-28000,-28000,-28000,-28000,-28000,-28000,-28000,-28000,-28000,-28000,-28000,-28000,-28000,-28000,-28000,-28000,-28000,-28000,-28000,-28000,-28000,-28000,-28000,-28000,-28000,-28000,-28000,-28000,-28000,-28000,-28000,-28000,-27987,-28000,-28000,-28000,-28000,-28000,-28000,-28000,-28000,-28000,-28000,-28000,-28000,-28000,-28000,-28000,-28000,-28000,-27989,-27989,-27990,-28000,-27991,-27983]} 1. c4 Nf6 2. Nc3 d5 3. cxd5 Nxd5 4. Nf3 g6 5. e4 Nxc3 6. dxc3 Qxd1+ 7. Kxd1 f6 8. Kc2 e5 9. Be3 Be6 10. Nd2 Nd7 11. Bc4 Kf7 {Nowadays more popular than 11...Bxc4.} 12. Rhd1 {A16: English Opening: 1...Nf6 with ...d5.} Bd6 13. Bxe6+ Kxe6 14. Nc4 {[#] White is slightly better.} f5 $146 ({Predecessor:} 14... Be7 15. f3 b6 16. Rd2 Rad8 17. b4 Nb8 18. Rxd8 Rxd8 19. a4 a6 20. Bf2 Nd7 {½-½ (59) Danilov,I (2343)-Lupulescu,C (2348) Baile Tusnad 2001}) 15. g3 Nf6 (15... fxe4 $11 16. Nd2 Nf6) 16. exf5+ $14 gxf5 17. f4 e4 18. Bd4 Rhd8 (18... Be7 {seems wilder.} 19. Na5 h5 20. Rd2 h4 21. Nxb7 hxg3 22. hxg3 Rh3) 19. Bxf6 Kxf6 20. Rd5 Ke6 21. Rad1 {aiming for Ne3.} Rd7 22. R1d4 Rf8 23. Ne3 c6 $1 {[%cal Rc6d5]} 24. Rxf5 Rxf5 $19 25. Rxe4+ Kf6 26. Nxf5 Kxf5 {[%mdl 4096] Endgame KRB-KR} 27. Rd4 Rd8 28. b4 $2 (28. h3 $17 {only move.}) 28... Bc7 29. Rc4 Bb6 30. a4 Be3 31. Kb3 $2 (31. h3) 31... h5 32. b5 c5 33. a5 Kg4 $2 (33... Rd2 $19 34. Ra4 Rxh2) 34. Re4 $17 Bg1 35. Re5 Bxh2 {White must now prevent ...Rh8.} 36. Rg5+ Kf3 {Threatens to win with ...Rh8.} 37. Rxh5 Bxg3 38. Rh7 {[#]} Rb8 ({Stronger than} 38... Kxf4 39. Rxb7 Ra8 40. Rg7 $11) 39. Kc4 Bxf4 40. Kxc5 {[#]} Rc8+ $1 41. Kd5 (41. Kd4 {was necessary.}) 41... Bc7 $2 ({Not} 41... Rxc3 42. Rxb7 Rc7 43. Rxc7 $11) ({Better is} 41... Rc7 $19 42. Rxc7 Bxc7) 42. b6 $11 axb6 43. axb6 Bxb6 {[%mdl 8192]} (43... Rd8+ $11 44. Kc4 Bxb6 45. Rxb7 Be3) 44. Rxb7 {Black keeps a firm grip on the game.} Be3 {Black mates.} 45. Rb3 Rc5+ 46. Kd6 Ke2 47. Ra3 Rc4 48. Kd5 Kd3 49. Rb3 Bc1 50. Rb5 Be3 51. Rb3 Rc5+ 52. Kd6 Kc4 53. Ra3 Rh5 54. Kc6 Bc5 55. Ra1 Rh6+ 56. Kd7 Kxc3 57. Ra4 Bd4 58. Ke7 Kd3 59. Kf7 Ke4 60. Ra5 Rh7+ 61. Ke6 Rh6+ 62. Kf7 Be5 63. Ke7 Rc6 64. Kd7 Rh6 65. Ke7 Bc3 66. Rb5 Bd4 67. Ra5 Bb6 68. Rb5 Kd4 69. Rb1 Kd5 70. Kf7 Bd4 71. Rb5+ Ke4 72. Ke7 Kd3 73. Ra5 Kc4 74. Ra4+ Kd5 75. Ra5+ Bc5+ 76. Kf7 Rc6 77. Ra1 Ke4 78. Re1+ Be3 79. Ke7 Kf4 80. Rf1+ Kg4 81. Kd7 Rh6 82. Rb1 Bf4 83. Rb5 Kf3 84. Ra5 Ke4 85. Ra1 Be5 86. Ra5 Rd6+ 87. Ke7 Kf5 88. Ra2 Rc6 89. Rf2+ Bf4 90. Kd7 Rc7+ 91. Kd8 Rh7 92. Kc8 Ke4 93. Re2+ Kd5 94. Rf2 Bd6 95. Rd2+ Ke6 96. Re2+ Be5 97. Rc2 Ra7 98. Rc1 Kd5 99. Rd1+ Bd4 100. Kb8 Rh7 101. Rd2 Kc5 102. Rc2+ Kb6 103. Kc8 Bc5 104. Rc1 Kc6 {[%cal Rh7h8]} 105. Rd1 Be3 {( -> ...Bg5)} 106. Rd3 Rh8+ {[%mdl 32768] Weighted Error Value: White=0.29/Black=0.33. An unexpected result.} 1/2-1/2

[Event "EYCC Open U14 2021"]
[Site "Tornelo"]
[Date "2021.10.15"]
[Round "8.11"]
[White "Uritsky, Yonathan"]
[Black "Aamodt, Peder Marcus"]
[Result "1-0"]
[WhiteElo "2081"]
[BlackElo "1808"]
[Annotator "ChessBase"]
[PlyCount "127"]
[EventDate "2021.10.15"]
[EventType "swiss"]
[EventCountry "NET"]
[SourceTitle "playchess.com"]
[Source "ChessBase"]
[SourceQuality "1"]
[TimeControl "5400+30"]

1. e4 {[%emt 0:00:30]} c6 {[%emt 0:00:37]} 2. Nc3 {[%emt 0:00:12]} d5 {[%emt 0:00:08]} 3. Nf3 {[%emt 0:00:02]} dxe4 {[%emt 0:00:07]} 4. Nxe4 {[%emt 0:00:05]} Nf6 {[%emt 0:00:07]} 5. Qe2 {[%emt 0:00:04]} Bf5 {[%emt 0:00:07]} 6. Nxf6+ {[%emt 0:00:04]} gxf6 {[%emt 0:00:07]} 7. d3 {[%emt 0:00:02]} Nd7 {[%emt 0:00:11]} 8. g3 {[%emt 0:00:04]} Ne5 {[%emt 0:00:12]} 9. Nxe5 {[%emt 0:00:20]} Qa5+ {[%emt 0:02:02]} 10. Bd2 {[%emt 0:00:11]} Qxe5 {[%emt 0:00:08]} 11. Qxe5 {[%emt 0:03:00]} fxe5 {[%emt 0:00:06]} 12. Bc3 {[%emt 0:01:32]} f6 {[%emt 0:00:06]} 13. Bg2 {[%emt 0:01:11]} O-O-O {[%emt 0:00:21]} 14. O-O-O {[%emt 0:04:15]} Bh6+ {[%emt 0:13:16]} 15. Kb1 {[%emt 0:00:19]} Rd7 {[%emt 0:01:46]} 16. Bf3 {[%emt 0:03:55]} Rhd8 {[%emt 0:02:28]} 17. Rhe1 {[%emt 0:01:09]} Kb8 {[%emt 0:03:55]} 18. h4 {[%emt 0:06:56]} Rg8 {[%emt 0:17:25]} 19. a3 {[%emt 0:14:35]} Bg4 {[%emt 0:00:45]} 20. Bxg4 {[%emt 0:00:05]} Rxg4 {[%emt 0:00:06]} 21. Ka2 {[%emt 0:02:32]} b6 {[%emt 0:06:51]} 22. Rg1 {[%emt 0:11:49]} Rg8 {[%emt 0:00:20]} 23. Rde1 {[%emt 0:00:12]} Kb7 {[%emt 0:08:10]} 24. Re4 {[%emt 0:02:44]} Rg6 {[%emt 0:17:16]} 25. Rge1 {[%emt 0:01:25]} Bf8 {[%emt 0:05:19]} 26. g4 {[%emt 0:05:34]} e6 {[%emt 0:02:20]} 27. f3 {[%emt 0:09:55]} Bc5 {[%emt 0:02:15]} 28. h5 {[%emt 0:05:52]} Rg8 {[%emt 0:00:23]} 29. b4 {[%emt 0:01:05]} Bf2 {[%emt 0:00:49]} 30. Rf1 {[%emt 0:01:49]} Bg3 {[%emt 0:00:56]} 31. Re2 {[%emt 0:01:40]} Bf4 {[%emt 0:01:54]} 32. Bd2 {[%emt 0:00:42]} Bxd2 {[%emt 0:02:47]} 33. Rxd2 {[%emt 0:00:13]} f5 {[%emt 0:00:07]} 34. Rg2 {[%emt 0:04:33]} h6 {[%emt 0:02:52]} 35. Re1 {[%emt 0:01:52]} Rd5 {[%emt 0:02:58]} 36. Ree2 {[%emt 0:00:17]} f4 {[%emt 0:03:53]} 37. Re4 {[%emt 0:00:07]} Rg5 {[%emt 0:00:27]} 38. Rge2 {[%emt 0:00:44]} Kc7 {[%emt 0:01:12]} 39. Kb3 {[%emt 0:02:06]} Kd6 {[%emt 0:00:19]} 40. a4 {[%emt 0:00:57]} a5 {[%emt 0:02:00]} 41. Re1 {[%emt 0:02:47]} axb4 {[%emt 0:01:22]} 42. Rxb4 {[%emt 0:00:35]} Kc7 {[%emt 0:00:45]} 43. Rbe4 {[%emt 0:00:29]} Kd6 {[%emt 0:00:36]} 44. Kc3 {[%emt 0:01:17]} Rc5+ {[%emt 0:00:58]} 45. Kd2 {[%emt 0:00:04]} Rd5 {[%emt 0:01:22]} 46. Rb1 {[%emt 0:00:54]} Kc7 {[%emt 0:00:26]} 47. Reb4 {[%emt 0:00:05]} b5 {[%emt 0:00:44]} 48. axb5 {[%emt 0:00:04]} c5 {[%emt 0:00:11]} 49. Ra4 {[%emt 0:00:16]} Rd6 {[%emt 0:00:29]} 50. Ra7+ {[%emt 0:00:37]} Kb8 {[%emt 0:00:13]} 51. Rh7 {[%emt 0:00:52]} e4 {[%emt 0:00:08]} 52. fxe4 {[%emt 0:01:07]} Rxg4 {[%emt 0:00:11]} 53. Rxh6 {[%emt 0:00:10]} Rg2+ {[%emt 0:00:13]} 54. Kc3 {[%emt 0:00:08]} f3 {[%emt 0:00:53]} 55. Rf6 {[%emt 0:00:21]} Rh2 {[%emt 0:01:10]} 56. h6 {[%emt 0:00:09]} Kc7 {[%emt 0:00:30]} 57. Rf1 {[%emt 0:00:40]} e5 {[%emt 0:00:33]} 58. R1xf3 {[%emt 0:00:44]} Rxh6 {[%emt 0:00:09]} 59. Rxh6 {[%emt 0:00:19]} Rxh6 {[%emt 0:00:07]} 60. Kc4 {[%emt 0:00:05]} Kb6 {[%emt 0:00:25]} 61. Rf5 {[%emt 0:00:23]} Rh2 {[%emt 0:00:38]} 62. Rf6+ {[%emt 0:00:14]} Kc7 {[%emt 0:00:25]} 63. c3 {[%emt 0:00:03]} Rc2 {[%emt 0:00:11]} 64. Rc6+ {[%emt 0:00:05]} 1-0